| 000 | 01190nam a2200241Ia 4500 | ||
|---|---|---|---|
| 003 | Ost | ||
| 005 | 20260507075641.0 | ||
| 008 | 260507s9999||||xx |||||||||||||| ||und|| | ||
| 020 | _a225328977 | ||
| 040 | _cfsecg | ||
| 041 | _aara | ||
| 082 | _a345.02853 | ||
| 100 |
_aشتا، محمد محمد _eمؤلف |
||
| 245 | 0 |
_aفكرة الحماية الجنائية لبرامج الحاسب الآلي / _c محمد محمد شتا |
|
| 260 |
_aالإسكندرية: _bدار الجامعة الجديدة للنشر, _c2001 |
||
| 300 |
_a148 صفحة؛ _bإيضاحات ؛ _c24 سم |
||
| 490 | _aالمكتبة القانونية | ||
| 504 | _aالمراجع ص.137 | ||
| 520 | _aبرامج الحاسب الآلي بين الحماية المدنية والحماية الجنائية- ماهية برامج الحاسب الآلي التي يتم حمايتها- خصائص جريمة الإعتداء على برامج الحاسب الآلي- صعوبة اثبات جريمة الإعتداء على برامج الحاسب الآلي | ||
| 653 | _aالقانون الجنائي | ||
| 653 | _aالقانون الجنائي - برامج الحاسبات | ||
| 942 | _cكتاب | ||
| 999 |
_c45418 _d45418 |
||